| 000 | 00526 a2200133 4500 | ||
|---|---|---|---|
| 003 | OSt | ||
| 005 | 20260206162034.0 | ||
| 008 | 260206b |||||||| |||| 00| 0 eng d | ||
| 100 | _aकुलकर्णी स. | ||
| 245 | _aभारतीय स्त्री शक्तीची उद्गति साध्वी सावित्रीबाई फुले | ||
| 260 |
_bभारतीय विचार साधना प्रकाशन _c2005 _aपुणे |
||
| 300 | _a22pp. | ||
| 942 |
_cBK _2ddc |
||
| 999 |
_c370167 _d370167 |
||